| 000 | 02038cam a2200457Mi 4500 | ||
|---|---|---|---|
| 001 | 87368 | ||
| 003 | BJBSDDR | ||
| 005 | 20240513111635.0 | ||
| 007 | ta | ||
| 008 | 071011s2006 sp 000 0 spa d | ||
| 016 | 7 |
_aFRBNF411296870000001 _2FrPBN |
|
| 020 | _a847299726X | ||
| 020 | _a9788472997264 | ||
| 029 | 1 |
_aZWZ _b124254276 |
|
| 035 | _a(OCoLC)ocn470840218 | ||
| 035 | _a(OCoLC)470840218 | ||
| 040 |
_aBDF _bspa _cBJBSDDR |
||
| 041 | _aspa | ||
| 050 | 1 | 4 |
_aBX 830 _bC744 2006 |
| 245 | 0 | 0 |
_aConcilio Vaticano II : _bacontecimiento y recepción : estudios sobre el Vaticano II a los cuarenta años de su clausura / _cGonzalo Tejerina Arias (coord.). |
| 260 |
_aSalamanca : _bUniversidad Pontificia de Salamanca, _c2006. |
||
| 300 |
_a146 páginas ; _c21 cm. |
||
| 490 | 0 | _aEnsayos de teología | |
| 500 | _aIntervenciones del ciclo de conferencias y mesas redondas celebrado en la Facultad de Teología de la Universidad Pontificia de Salamanca, días 14 y 15 de diciembre de 2005 | ||
| 504 | _aIncluye referencias bibliográficas. | ||
| 610 | 2 | 7 |
_aConcile du Vatican _d(1962) _d(1965) _2ram |
| 610 | 2 | 7 |
_aConcile du Vatican _d(1962) _d(1965) _xAppréciation _zEspagne. _2ram |
| 610 | 2 | 4 |
_aConcilio Vaticano II _d1962-1965 _xDocumentos _935831 |
| 610 | 2 | 4 |
_aIglesia Católica _xHistoria _99861 _vCongresos, conferencias, etc. |
| 610 | 2 | 4 |
_aIglesia Católica _xDoctrina _99855 _vCongresos, conferencias, etc. |
| 611 | 2 | 4 |
_aConcilio Vaticano _932706 |
| 650 | 4 |
_aIglesia _xHistoria de las doctrinas _932707 _vCongresos, conferencias, etc. |
|
| 650 | 4 |
_aConcilios y sínodos ecuménicos _935830 |
|
| 650 | 4 |
_aDocumentos pontificios. _9339 |
|
| 700 | 1 |
_aTejerina Arias, Gonzalo, _d1954- _932708 _ecoordinador |
|
| 830 | 0 |
_aEnsayos de Teología (Universidad Pontificia de Salamanca) _932703 _v1 |
|
| 856 | 4 | 2 |
_3Notice et cote du catalogue de la Bibliotheque nationale de France _uhttp://catalogue.bnf.fr/ark:/12148/cb41129687x |
| 886 | 1 |
_2intermrc _a009 _ba------------------ |
|
| 942 |
_2lcc _cBK |
||
| 946 | _aLD | ||
| 999 |
_c29746 _d29746 |
||